| 000 | 00376nam a2200157Ia 4500 | ||
|---|---|---|---|
| 008 | 221030s9999 xx 000 0 und d | ||
| 020 | _a09073772 | ||
| 041 | _aEnglish | ||
| 082 |
_a105.23 _baga |
||
| 100 | _aM. Agarwal | ||
| 245 | 0 |
_aFinance India _cby M. Agarwal |
|
| 260 |
_bIndian Inst. of Finace _aIndia _c1999 |
||
| 300 | _a763 | ||
| 650 | _aBE Management | ||
| 942 | _cBK | ||
| 999 |
_c8286 _d8286 |
||